Progress in Physical Organic Chemistry Vol. 4

Enregistré dans:
Détails bibliographiques
Autres auteurs: Streitwieser, Andrew, Taft, Robert W.
Format: Livre
Langue:anglais
Publié: New York Interscience/J.Wiley 1967
Édition:1. ed.
Sujets:
Accès en ligne:Voir à l'OPAC
Tags: Ajouter un tag
Pas de tags, Soyez le premier à ajouter un tag!

MARC

LEADER 00000nam a2200000 a 4500
005 20260127134020.0
008 090506 1967 xxu 000 0 eng d
035 |a vtls009505699 
039 9 |y 200905061056  |z mschk03 
040 |a STUSCHK1  |b slo  |c STUSCHK1  |e AACR2 
080 |a 547:541.1(082) 
080 |a 541.1:547(082) 
245 1 |a Progress in Physical Organic Chemistry  |n Vol. 4  |c eds. Andrew Streitwieser, Robert W. Taft 
250 |a 1. ed. 
260 |a New York  |b Interscience/J.Wiley  |c 1967 
300 |a 303 s.  |b il.  |c 23,5 cm 
650 0 |a fzyikálna chémia 
650 0 |a organická chémia 
650 0 |a sborníky 
700 1 |a Streitwieser, Andrew 
700 1 |a Taft, Robert W. 
910 |a SCHK95 
999 |c 2164  |d 2164